At the F U N F A I R - Statistics

General Stats
  • This quiz has been taken 4 times
  • The average score is 8 of 14
Answer Stats
First and last letters Answer % Correct
H... G 🌭 Hot Dog
100%
D... S Dodgems
75%
G... N 👻 Ghost Train
75%
H... R 🍔 Hamburger
75%
W... S Waltzers
75%
C... S Candy Floss
50%
R... R Rollercoaster
50%
R... T Roundabout
50%
T... E 🍏 Toffee Apple
50%
T... E ❤️ Tunnel of Love
50%
A... E Amusement Arcade
25%
C... Y Coconut Shy
25%
H... S 🔘 Hall of Mirrors
25%
T... E Turnstile
25%
No matching quizzes found
Score Distribution
Percent of People with Each Score
Percentile by Number Answered
Your Score History
You have not taken this quiz